Loading...
| Current Events | 4 | 22.50 | 100% | 75% | 50% |
| Fine Arts - Auditory Fine Arts | 7 | 18.57 | 100% | 86% | 0% |
| Fine Arts - Visual Fine Arts | 10 | 17.00 | 100% | 60% | 10% |
| Geography | 4 | 17.50 | 100% | 50% | 25% |
| History - American History | 5 | 8.00 | 40% | 20% | 20% |
| History - Ancient History | 8 | 13.75 | 88% | 38% | 13% |
| History - European History | 6 | 15.00 | 100% | 50% | 0% |
| History - World History | 4 | 17.50 | 100% | 75% | 0% |
| Literature - American Literature | 4 | 15.00 | 100% | 50% | 0% |
| Literature - British Literature | 4 | 15.00 | 100% | 50% | 0% |
| Literature - European Literature | 5 | 18.00 | 100% | 60% | 20% |
| Literature - World Literature | 9 | 16.67 | 100% | 67% | 0% |
| Mythology | 3 | 16.67 | 100% | 67% | 0% |
| Other Academic | 2 | 10.00 | 100% | 0% | 0% |
| Philosophy | 4 | 20.00 | 100% | 75% | 25% |
| Religion | 6 | 8.33 | 67% | 17% | 0% |
| Science - Biology | 3 | 10.00 | 100% | 0% | 0% |
| Science - Chemistry | 8 | 16.25 | 100% | 63% | 0% |
| Science - Other Science | 5 | 18.00 | 100% | 60% | 20% |
| Science - Physics | 4 | 17.50 | 100% | 50% | 25% |
| Social Science | 10 | 16.00 | 90% | 60% | 10% |